|
|
|
|
| LEADER |
00823nam a22002057a 4500 |
| 001 |
AAL4452 |
| 003 |
BD-DhAAL |
| 008 |
160207s 2002bg a|||| |||| 00| 0 ben d |
| 020 |
|
|
|a 9840741772
|
| 040 |
|
|
|a BD-DhAAL
|c BD-DhAAL
|
| 082 |
|
|
|a 823
|
| 100 |
|
|
|a নূরী, সানাউল্লাহ
|9 17855
|
| 245 |
|
|
|a রূপকথা দেশে দেশে /
|c সানাউল্লাহ নূরী
|
| 260 |
|
|
|a ঢাকা :
|b বাংলা একাডেমী,
|c ২০০২.
|
| 300 |
|
|
|a ৩৪০ পৃ. :
|b চিত্র ;
|c ২২ সে.মি.
|
| 541 |
|
|
|e 4452
|
| 650 |
|
|
|a Fairy tales.
|9 17856
|
| 942 |
|
|
|2 ddc
|c BK
|
| 999 |
|
|
|c 36803
|d 36803
|
| 952 |
|
|
|0 0
|1 0
|2 ddc
|4 0
|6 823_000000000000000_NUR
|7 0
|9 57925
|a SCL
|b SCL
|c GEN
|d 2016-02-07
|g 240.00
|l 2
|m 5
|o 823 NUR
|p 3020004452
|r 2023-10-19
|s 2023-10-10
|t 1
|w 2016-02-07
|y BK
|